000 00822nam a22002657a 4500
001 7399
003 FISKH
005 20250711154345.0
008 250711b cb ||||| |||| 00| 0 eng d
020 _a9780241022481
040 _aFISKH
_beng
_cFISKH
_dFISKH
050 _aPZ7.Y418 M
082 _a823.914
100 _aYeoman, John
245 _aMouse trouble /
_cJohn Yeoman & Quentin Blake
260 _aLondon :
_bHamish Hamilton,
_c1972.
300 _a26 unnumbered pages :
_bcolor illustrations ;
_c26 cm
505 _aH
520 _aThe mice grow fond of the miller's cat and save him when the grouchy master decides to rid himself of the worthless animal.
521 8 _a430
_bLexile estimate
521 8 _aH
_bRaz-Plus
650 _aCats
_vPicture Book
942 _2ddc
_cBK
_n0
999 _c7399
_d7399